00728nam a2200229Ia 4500003000900000008004100009040001300050040001300063041000800076100001800084245009700102250001200199260000800211260000900219300001100228300001200239490001800251490000800269942000700277999001700284952019700301IT-RoPAU120407s9999 xx 000 0 und d aIT-RoPAU cIT-RoPAU aita aWilhelm Egger aMetodologia del Nuovo Testamento. Introduzione allo studio scientifico del Nuovo Testamento. aBologna aEDB c1989 a264 p. c21,5 cm aStudi biblici v116 cBK c30868d30868 00102ddc406222_22160000000000071aPAULUSbPAULUSd2012-04-11l0o222.2216r2012-04-11 00:00:00w2012-04-11yBKzInserito da: Jole In data: 22 luglio 2011 fondo: Via A.Severo 56 Progr:26390